000 08143namaa22004331i 4500
003 EG-GICUC
005 20260429105244.0
008 260429s2025 ua a|||frm||| 000 0 eng d
040 _aEG-GICUC
_beng
_cEG-GICUC
_dEG-GICUC
_erda
041 0 _aeng
_beng
_bara
049 _aDeposit
082 0 4 _a615.82
092 _a615.82
_221
097 _aM.Sc
099 _aCai01.21.09.M.Sc.2025.Fa.I
100 0 _aFatma Ahmed Reda Ahmed Shalaby,
_epreparation.
245 1 0 _aInstrument assisted soft tissue mobilization versus dry cupping on chronic mechanical neck pain /
_cby Fatma Ahmed Reda Ahmed Shalaby ; Supervisors Prof. Dr. Ragia Mohamed Kamel, Dr. Sahar Abdallah Abdallah.
246 1 5 _aتحريك الانسجه الرخوه باستخدام الاداه المساعده مقابل الحجامه الجافه على الم الرقبه الميكانيكى
264 0 _c2025.
300 _a106 pages :
_billustrations ;
_c25 cm. +
_eCD.
336 _atext
_2rda content
337 _aUnmediated
_2rdamedia
338 _avolume
_2rdacarrier
502 _aThesis (M.Sc)-Cairo University, 2025.
504 _aBibliography: pages 92-100.
520 3 _aBackground: Mechanical neck pain is defined as pain originating from the anatomical structures in the cervical spine such as muscles, ligaments, facet joints, intervertebral discs and vertebrae without evidence of systemic disease or neurological involvement. Aim: The purpose of this study was to investigate which is more effective Instrument assisted soft tissue mobilization or Dry cupping on pain intensity, cervical range of motion, cervical proprioception and functional status in patients with chronic mechanical neck pain Design: Pre_post test single blind randomized control trial. Setting: The outpatient physiotherapy clinic of Helwan University hospital. Methods: Forty five Patients were randomly divided equally into three groups. Group (A)(study group):received instrument assisted soft tissue mobilization and conventional physical therapy.Group (B)(study group): received dry cupping and conventional physical therapy. Group (C)(control group): received conventional physical therapy (isometric strengthening exercises, stretching exercises, posture correction exercises and cold application).All the three group received three sessions per week for down weeks. The pre and post treatment development of the patients were evaluated by visual analogue scale(VAS) to measure pain, CROM device to measure cervical range of motion and cervical proprioception and Arabic neck disability index to measure functional status. Results: All three groups demonstrated progress in every research variable. Group(A) showed no statistically significant difference to group (B) regarding pain intensity and cervical range of motion, but group (A) showed more statistically significant difference than group (B) regarding cervical proprioception and functional status. Conclusion: Instrument-assisted soft tissue mobilization and dry cupping are both effective in alleviating pain and enhancing cervical range of motion; however, instrument-assisted soft tissue mobilization is superior to dry cupping in improving cervical proprioception and functional status in patients with chronic mechanical neck pain.
520 3 _aالخلفية: يُعرَّف الألم الميكانيكي في الرقبة بأنه ألم ينشأ من التراكيب التشريحية في العمود الفقري العنقي مثل العضلات، والأربطة، والمفاصل الوجيهية، والغضاريف بين الفقرية، والفقرات، وذلك دون وجود دليل على مرض جهازي أو اعتلال عصبي. وغالبًا ما يتركز في المنطقة العنقية وقد يزداد سوءًا مع حركات الرقبة أو الأوضاع الثابتة أو عند لمس الأنسجة المصابة. الهدف: الغرض من هذه الدراسة هو معرفة أيهما أكثر فاعلية: تحريك الأنسجة الرخوة باستخدام الاداه المساعده أم الحجامة الجافة في تقليل شدة الألم، وتحسين مدى حركة الرقبة، والإحساس الموضعي والحالة الوظيفية لدى المرضى الذين يعانون من الألم الميكانيكي المزمن في الرقبة. التصميم: تجربة عشوائية محكومة، مفردة التعمية، مع تقييم قبلي وبعدي. المكان: عيادة العلاج الطبيعي الخارجية بمستشفى جامعة حلوان. المنهجية: تم تقسيم المرضى عشوائيًا وبالتساوي إلى ثلاث مجموعات.المجموعة (أ) [مجموعة الدراسة]: تلقت التحريك اليدوى للأنسجة الرخوة بالإضافة إلى العلاج التقليدي (تمارين تقوية ساكنه ، تمارين استطاله ، تمارين تصحيح القوام، وكمادات الثلج) بمعدل 3 جلسات أسبوعيًا لمدة 4 أسابيع. المجموعة (ب) [مجموعة الدراسة]: تلقت الحجامة الجافة مع العلاج التقليدي(تمارين تقوية ساكنه، تمارين استطاله ،تمارين تصحيح القوام، وكمادات الثلج) بمعدل 3 جلسات أسبوعيًا لمدة 4 أسابيع.المجموعة (ج) [المجموعة الضابطة]: تلقت العلاج التقليدي فقط(تمارين تقوية ساكنه ، تمارين استطاله ، تمارين تصحيح القوام، وكمادات الثلج) بمعدل 3 جلسات أسبوعيًا لمدة 4 أسابيع. تم تقييم المرضى قبل وبعد العلاج باستخدام مقياس التناظر البصري (VAS) لقياس شدة الألم، وجهاز CROM لقياس مدى حركة الرقبة، ومقياس الخطأ في الإحساس الموضعي لقياس الإدراك الحركي، بالإضافة إلى مؤشر عجز الرقبة العربي (ANDI) لقياس الحالة الوظيفية. النتائج: أظهرت المجموعات الثلاث تحسنًا في جميع المتغيرات المدروسة. أظهرت المجموعة (أ) تحسنًا في شدة الألم مماثلًا للمجموعة (ب)، بينما كان تحسن مدى الحركة متساويًا في كل من المجموعتين (أ) و(ب). ومع ذلك، أظهرت المجموعة (أ) تفوقًا في تحسين الوظيفة والإحساس الموضعي. الاستنتاج: يعد التحريك اليدوى للأنسجة الرخوة باستخدام الاداه المساعده علاجًا فعالًا لتحسين الألم الميكانيكي المزمن في الرقبة. الأثر السريري لإعادة التأهيل: أسهمت التحريك اليدوى للأنسجة الرخوة باستخدام الاداه المساعده في تقليل شدة الألم وتحسين مدى الحركة والإحساس الموضعي والحالة الوظيفية لدى مرضى الألم الميكانيكي المزمن في الرقبة. لذلك يُوصى بإدراجها ضمن برامج إعادة التأهيل المخصصة لهؤلاء المرضى.
530 _aIssues also as CD.
546 _aText in English and abstract in Arabic & English.
650 0 _aPhysical Therapy
650 0 _aالعلاج طبيعي
653 1 _aInstrument assisted soft mobilization
_aDry cupping
_aMechanical neck pain
_aNeck disability index
_aالتحريك اليدوى للأنسجة الرخوة
_a الحجامة الجافة
700 0 _aRagia Mohamed Kamel
_ethesis advisor.
700 0 _aSahar Abdallah Abdallah
_ethesis advisor.
900 _b01-01-2025.
_cRagia Mohamed Kamel
_cSahar Abdallah Abdallah
_UCairo University
_FFaculty of Physical Therapy
_DDepartment of Physical Therapy Basic Science
905 _aShimaa
942 _2ddc
_cTH
_e21
_n0
999 _c179798